| 000 | 00588 a2200181 4500 | ||
|---|---|---|---|
| 020 | _a812590638X | ||
| 020 | _a9788125906384 | ||
| 090 |
_c2611 _d2611 |
||
| 100 | 1 | _aPandey, I.M. | |
| 245 | 1 | 0 |
_aFinancial management / _cI.M. Pandey. |
| 250 | _a8th ed. | ||
| 260 |
_a[S.l.] : _bSangam Books Ltd, _c1999. |
||
| 300 |
_a1250 p. ; _c28 cm. |
||
| 500 | _aPaperback. | ||
| 856 | 4 | 0 |
_3Amazon.com _uhttp://www.amazon.com/exec/obidos/ASIN/812590638X/chopaconline-20 |
| 856 | 4 | 0 |
_3Amazon customer reviews _uhttp://www.chopac.org/cgi-bin/tools/azrev.pl?q=812590638X |
| 942 |
_aNBS _cBK _k658.15 PAN |
||
| 999 |
_c345104 _d345104 |
||